[Event "TCh-ROU Superliga"]
[Site "Eforie Nord ROU"]
[Date "2009.09.22"]
[Round "4"]
[White "Voiteanu,G"]
[Black "Busu,C"]
[Result "1-0"]
[WhiteElo "2248"]
[BlackElo "2320"]

1.d4 Nf6 2.c4 e6 3.Nf3 b6 4.a3 Bb7 5.Nc3 Be7 6.d5 O-O 7.e4 d6 8.Nd4 c5 9.Nc2 exd5
10.exd5 Nbd7 11.Be2 Re8 12.O-O Ne5 13.h3 Ba6 14.b3 Nfd7 15.f4 Ng6 16.Ne4 Nf6
17.Ng3 Bc8 18.Bd3 Bd7 19.Bb2 a6 20.a4 Rb8 21.Bc3 Qc7 22.Nh5 Qd8 23.Ne3 Nxh5
24.Qxh5 Bf6 25.Bxf6 Qxf6 26.Nc2 Re7 27.Kh2 Rbe8 28.Rf2 Qc3 29.Rd1 Qxb3 30.f5 Re5
31.Qf3 Nh4 32.Qg4 Ng6 33.fxg6 Bxg4 34.gxf7+ Kf8 35.fxe8=Q+ Kxe8 36.hxg4 g6
37.Rf3 Qb2 38.Rdf1 Kd8 39.Rf8+ Re8 40.R8f6 Kd7 41.Rf7+ Re7 42.Rf8 Re8 43.R8f7+ Re7
44.R7f6 Qc3 45.R6f3 Kc7 46.Kg1 Qg7 47.Rf8 Qh6 48.R8f4 Qg5 49.Rf7 Kd8  1-0

[Event "TCh-ISL 2009-10"]
[Site "Rekjavik ISL"]
[Date "2009.09.26"]
[Round "3"]
[White "Einarsson,H"]
[Black "Jonsson,Bjorg"]
[Result "1-0"]
[WhiteElo "2255"]
[BlackElo "2359"]

1.d4 Nf6 2.c4 e6 3.Nf3 b6 4.a3 Ba6 5.Qc2 Bb7 6.Nc3 c5 7.e4 cxd4 8.Nxd4 Bc5
9.Nb3 Nc6 10.Bg5 h6 11.Bh4 Nd4 12.Nxd4 Bxd4 13.Bd3 Qb8 14.Bg3 Be5 15.Qe2 O-O
16.O-O Bxg3 17.hxg3 d6 18.Rfd1 Qc7 19.Rac1 Rfd8 20.Bb1 a6 21.b4 Rac8 22.Ba2 Bc6
23.Bb3 Ba8 24.Rc2 Qc6 25.f3 Qc7 26.Qe3 Nd7 27.Qd4 Ne5 28.Na4 Rb8 29.Qe3 Qb7
30.Nb2 Rbc8 31.Rcd2 Qc7 32.Qe2 Bc6 33.f4 Ng6 34.Nd3 Re8 35.Nf2 Rcd8 36.Rd3 b5
37.Rc3 Qb7 38.c5 dxc5 39.Rxc5 Rxd1+ 40.Bxd1 Rc8 41.f5 exf5 42.exf5 Nf8 43.Re5 Bd5
44.f6 g6 45.Qd2 Qc6 46.Rxd5 Qxf6 47.Ng4 Qb6+ 48.Kh2 h5 49.Ne5 Qf6 50.Nf3 Rc4
51.Rd6 Qe7 52.Rxa6 Qc7 53.Qh6 Rg4 54.Qd2 Qxg3+ 55.Kg1 Ne6 56.Ra8+ Kh7 57.Ra7 Kg8
58.Qe2 h4 59.Rxf7 h3 60.Ra7 Qxg2+ 61.Qxg2 Rxg2+ 62.Kh1 Rb2 63.Ng1 Nf4 64.Bg4 Rb1
65.Rb7 Rb2 66.Nxh3 Nd3 67.Rxb5 Rd2 68.Be6+  1-0

[Event "8th TCh-Eur w"]
[Site "Novi Sad SRB"]
[Date "2009.10.23"]
[Round "2"]
[White "Mamedjarova,Z"]
[Black "Maric,A"]
[Result "1-0"]
[WhiteElo "2285"]
[BlackElo "2405"]

1.d4 Nf6 2.c4 e6 3.Nf3 b6 4.a3 Bb7 5.Nc3 d5 6.cxd5 Nxd5 7.Qc2 Nxc3 8.bxc3 Be7
9.e4 O-O 10.Bd3 c5 11.O-O Qc7 12.Qe2 Nd7 13.Bb2 Rfd8 14.Rad1 Rac8 15.Nd2 cxd4
16.cxd4 e5 17.Rc1 Qb8 18.Rxc8 Bxc8 19.Nf3 exd4 20.Bxd4 Nc5 21.Bc4 Be6 22.Re1 Bxc4
23.Qxc4 Ne6 24.Bb2 Qc8 25.Qb5 Qc2 26.g3 Qd3 27.Qf5 Qb3 28.Ne5 Bf6 29.Nxf7 Kxf7
30.Bxf6 gxf6 31.e5 Rd1 32.Qh5+ Kf8 33.Qxd1 Qxa3 34.exf6  1-0

[Event "Chigorin Mem Open"]
[Site "St Petersburg RUS"]
[Date "2009.10.23"]
[Round "8"]
[White "Pankov,Ger"]
[Black "Yakimenko,A"]
[Result "1-0"]
[WhiteElo "2359"]
[BlackElo "2091"]

1.d4 Nf6 2.c4 e6 3.Nf3 b6 4.a3 Bb7 5.Nc3 d5 6.cxd5 Nxd5 7.Qc2 Nd7 8.Nxd5 exd5
9.Bg5 f6 10.Bf4 Rc8 11.g3 c6 12.h4 g6 13.Bh3 Qe7 14.Rd1 Bg7 15.Rd3 O-O 16.Re3 Qd8
17.Be6+ Rf7 18.Bd6 Bh6 19.h5 Bxe3 20.hxg6 Nf8 21.Bxf7+  1-0

[Event "Open"]
[Site "Liberec CZE"]
[Date "2009.10.25"]
[Round "2"]
[White "Snorek,M"]
[Black "Byhan,G"]
[Result "0-1"]
[WhiteElo "2164"]
[BlackElo "1983"]

1.d4 Nf6 2.Nf3 e6 3.c4 b6 4.a3 Bb7 5.Nc3 d5 6.Bg5 Be7 7.Qa4+ Qd7 8.Qxd7+ Nbxd7
9.Nb5 Bd8 10.Bf4 dxc4 11.e3 a6 12.Nxc7+ Bxc7 13.Bxc7 Rc8 14.Bg3 Ne4 15.Nd2 Nxg3
16.hxg3 b5 17.e4 Nb6 18.a4 bxa4 19.Ra3 O-O 20.Ke2 Rfd8 21.Ke3 Rc7 22.Rc3 Rcd7
23.Nxc4 Rxd4 24.f3 Nxc4+ 25.Rxc4 Rd1 26.Rc7 Rb8 27.g4 Rb1 28.Rc2 a5 29.g3 Ba6
30.Bg2 R1xb2 31.Rxb2 Rxb2 32.Rd1 g6 33.Rd2 a3  0-1

[Event "8th TCh-Eur w"]
[Site "Novi Sad SRB"]
[Date "2009.10.25"]
[Round "4"]
[White "Khurtsidze,N"]
[Black "Galojan,L"]
[Result "1-0"]
[WhiteElo "2420"]
[BlackElo "2326"]

1.d4 Nf6 2.c4 e6 3.Nf3 b6 4.a3 Ba6 5.Qb3 c5 6.d5 exd5 7.cxd5 d6 8.Nc3 g6
9.e4 Bxf1 10.Kxf1 Bg7 11.Bf4 O-O 12.h3 a6 13.a4 Re8 14.Re1 Ra7 15.g4 Qc7
16.e5 dxe5 17.Bxe5 Qd8 18.Kg2 Rae7 19.d6 Rb7 20.Nd5 Nxd5 21.Qxd5 Rd7 22.Bxg7 Rxe1
23.Rxe1 Kxg7 24.Ne5 Qg5 25.f4 Qh4 26.Re2 Qf6 27.Nxd7 Nxd7 28.g5 Qd4 29.Qxd4+ cxd4
30.Re7  1-0

[Event "WJun"]
[Site "Puerto Madryn ARG"]
[Date "2009.10.25"]
[Round "5"]
[White "Aguinaga,M"]
[Black "Houriez,C"]
[Result "0-1"]
[WhiteElo "2009"]
[BlackElo "2304"]

1.d4 Nf6 2.c4 e6 3.Nf3 b6 4.a3 Bb7 5.Nc3 d5 6.Bf4 a6 7.cxd5 exd5 8.e3 Be7
9.Bd3 c5 10.dxc5 bxc5 11.O-O Nbd7 12.Rc1 O-O 13.Bb1 Rc8 14.Qd3 Qb6 15.Ne5 Rfd8
16.Na4 Qe6 17.Nf3 Ne4 18.Rfd1 g6 19.Nc3 c4 20.Qc2 Ndc5 21.Nd4 Qb6 22.Nxe4 dxe4
23.Qe2 Nd3 24.Bxd3 exd3 25.Qg4 Bf6 26.Bg5 Rd5 27.Bxf6 Qxf6 28.h4 h5 29.Qg3 Kg7
30.b3 Ra5 31.Rxc4 Rxc4 32.bxc4 Rxa3 33.c5 Rc3 34.Qc7 Be4 35.f3 Bd5 36.Qa5 Rc4
37.Qb6 Qxh4 38.c6 d2 39.Qb7 Qe1+ 40.Kh2 Qh4+ 41.Kg1 Qf6 42.Rxd2 Bxc6 43.Nxc6 Rxc6  0-1

[Event "17th TCh-Eur"]
[Site "Novi Sad SRB"]
[Date "2009.10.27"]
[Round "6"]
[White "Esen,B"]
[Black "Banikas,H"]
[Result "1-0"]
[WhiteElo "2494"]
[BlackElo "2599"]

1.d4 Nf6 2.c4 e6 3.Nf3 b6 4.a3 Ba6 5.Qc2 Bb7 6.Nc3 c5 7.dxc5 Bxc5 8.Bf4 Nh5
9.Bg3 Be7 10.Kd1 a6 11.e3 Nxg3 12.hxg3 h6 13.g4 Qc7 14.g5 d6 15.g6 Nd7 16.Nd4 Nf8
17.Be2 O-O-O 18.gxf7 Bf6 19.Qb3 Kb8 20.Bf3 Bxd4 21.exd4 Nd7 22.Bxb7 Nc5 23.Qc2 Nxb7  1-0

[Event "WJun"]
[Site "Puerto Madryn ARG"]
[Date "2009.10.27"]
[Round "7"]
[White "Cuberli,E"]
[Black "Houriez,C"]
[Result "0-1"]
[WhiteElo "2161"]
[BlackElo "2304"]

1.d4 Nf6 2.Nf3 e6 3.c4 b6 4.a3 Bb7 5.Nc3 d5 6.cxd5 Nxd5 7.Qc2 Nd7 8.Bg5 Be7
9.Bxe7 Nxe7 10.e3 O-O 11.Rd1 Qb8 12.Ng5 g6 13.Bc4 Rd8 14.O-O Nf8 15.b4 a5
16.Qe2 axb4 17.axb4 h6 18.Nh3 Nd5 19.Bxd5 exd5 20.Nf4 Qc8 21.Qf3 Qf5 22.g4 Qf6
23.Qg2 Qd6 24.Nd3 Nd7 25.Rc1 c6 26.b5 c5 27.g5 cxd4 28.exd4 hxg5 29.Qxg5 Qf6
30.Qg4 Nf8 31.Ne5 Ne6 32.Ne2 Ra4 33.Rfd1 Qxe5  0-1

[Event "13th OIBM"]
[Site "Bad Wiessee GER"]
[Date "2009.11.02"]
[Round "4"]
[White "Meins,G"]
[Black "Gerstner,B"]
[Result "1-0"]
[WhiteElo "2484"]
[BlackElo "2206"]

1.d4 Nf6 2.c4 e6 3.Nf3 b6 4.a3 Ba6 5.Qc2 Bb7 6.Nc3 c5 7.e4 cxd4 8.Nxd4 Bc5
9.Nb3 Nc6 10.Bd3 Qb8 11.f4 e5 12.Nxc5 Nd4 13.Qd1 bxc5 14.fxe5 Qxe5 15.O-O O-O
16.Bf4 Qe6 17.e5 Ng4 18.Ne4 Bxe4 19.Bxe4 Nxe5 20.Bd5 Qe7 21.Bxa8 Rxa8 22.Bxe5 Qxe5
23.b4 Re8 24.Qd3 Re6 25.Rae1 Ne2+ 26.Kh1 Qh5 27.Qxd7 h6 28.Qd8+ Kh7 29.Qd3+ Kg8
30.Qd8+ Kh7 31.Qd3+ Kg8 32.bxc5 Qg4 33.c6 Nf4 34.Qg3 Rxe1 35.Rxe1 Qf5 36.Qf3 g5
37.g3 Qa5 38.Re8+  1-0

[Event "13th OIBM"]
[Site "Bad Wiessee GER"]
[Date "2009.11.02"]
[Round "4"]
[White "Graf,F"]
[Black "Rau,J"]
[Result "1/2-1/2"]
[WhiteElo "2296"]
[BlackElo "2141"]

1.d4 Nf6 2.c4 e6 3.Nf3 b6 4.a3 Bb7 5.Nc3 d5 6.cxd5 Nxd5 7.Qc2 Nxc3 8.bxc3 c5
9.e4 Nc6 10.Be3 cxd4 11.cxd4 Rc8 12.Qa2 Bd6 13.d5 exd5 14.exd5 Ne7 15.Bb5+ Kf8
16.O-O Nxd5 17.Bd4 Nf4 18.Qb2 Ne6 19.Rfd1 Bxf3 20.gxf3 Qg5+ 21.Kh1 Qf4 22.Kg2 Qg5+
23.Kh1 Qf4  1/2-1/2

[Event "Casino GM"]
[Site "Barcelona ESP"]
[Date "2009.11.03"]
[Round "2"]
[White "Almeida Quintana,O"]
[Black "Fier,A"]
[Result "1/2-1/2"]
[WhiteElo "2542"]
[BlackElo "2653"]

1.d4 Nf6 2.Nf3 e6 3.c4 b6 4.a3 Ba6 5.Qc2 Bb7 6.Nc3 c5 7.e4 cxd4 8.Nxd4 Bc5
9.Nb3 Nc6 10.Bg5 h6 11.Bh4 Nd4 12.Nxd4 Bxd4 13.Bd3 Qb8 14.Bg3 Be5 15.O-O-O O-O
16.Kb1 a6 17.Rhe1 Bxg3 18.hxg3 e5 19.f3 Rc8 20.g4 b5 21.Qe2 Bc6 22.cxb5 axb5
23.Na2 Ne8 24.Qd2 Qd6 25.g5 hxg5 26.Qxg5 Qf6 27.Qxf6 Nxf6 28.Nb4 Nh5 29.Nd5 Rcb8
30.Rh1 g6 31.Bc2 Kg7 32.Bb3 Nf4 33.Nxf4 exf4 34.Rh4 b4 35.Rxf4 bxa3 36.Rxf7+ Kg8
37.Rh1 Rxb3 38.Rhh7 axb2 39.Rhg7+ Kh8 40.Rh7+ Kg8  1/2-1/2

[Event "13th OIBM"]
[Site "Bad Wiessee GER"]
[Date "2009.11.05"]
[Round "7"]
[White "Meister,P"]
[Black "Pohle,D"]
[Result "1-0"]
[WhiteElo "2396"]
[BlackElo "2206"]

1.d4 Nf6 2.c4 e6 3.Nf3 b6 4.a3 Ba6 5.Qc2 Bb7 6.Nc3 c5 7.dxc5 bxc5 8.Bg5 Nc6
9.e3 Qb8 10.Rd1 Be7 11.Be2 h6 12.Bh4 g5 13.Bg3 d6 14.Nb5 e5 15.Nc3 Nd8 16.Nd5 Nxd5
17.cxd5 Bc8 18.Nd2 Bf6 19.h4 g4 20.h5 Bg7 21.e4 O-O 22.Nc4 f5 23.exf5 Bxf5
24.Bd3 Bd7 25.Ne3 Nf7 26.Bf5 Qc8 27.Rh4 e4 28.Bxg4 Re8 29.Kf1 Bf6 30.Bxd7 Qxd7
31.Rg4+ Kf8 32.b3 Rab8 33.Kg1 Qb5 34.Rxe4 Qxb3 35.Rxe8+ Kxe8 36.Qg6 Be7 37.Qg8+ Bf8
38.Re1 Qc4 39.Nc2+ Ne5 40.f4 Qxc2 41.fxe5 Rb1 42.Qe6+ Kd8 43.exd6 Rxe1+ 44.Qxe1 Qf5
45.Qa5+ Ke8 46.Qxc5 Qd7 47.Qe3+ Kf7 48.Qf4+ Ke8 49.Qe4+ Kd8 50.Qe6 Kc8 51.Be5 a6
52.g4 a5 53.a4 Kd8 54.Kg2 Kc8 55.Kf3 Kd8 56.Qxd7+ Kxd7 57.Ke4  1-0

[Event "TCh-FIN 2009-10"]
[Site "Finland FIN"]
[Date "2009.11.15"]
[Round "5"]
[White "Volodin,Alek"]
[Black "Sammalvuo,T"]
[Result "1/2-1/2"]
[WhiteElo "2429"]
[BlackElo "2481"]

1.d4 Nf6 2.c4 e6 3.Nf3 b6 4.a3 Ba6 5.Qc2 Bb7 6.Nc3 c5 7.e4 cxd4 8.Nxd4 Nc6
9.Nxc6 Bxc6 10.Bf4 Bc5 11.Be2 O-O 12.O-O Qe7 13.Rad1 a5 14.Bf3 e5 15.Bg5 h6
16.Nd5 Bxd5 17.Bxf6 Qxf6 18.Rxd5 d6 19.Bg4 Ra7 20.g3 g6 21.Kg2 Rc7  1/2-1/2

[Event "UTD Invitational B"]
[Site "Dallas USA"]
[Date "2009.11.27"]
[Round "7"]
[White "Vedrickas,T"]
[Black "Ibragimov,I"]
[Result "1-0"]
[WhiteElo "2272"]
[BlackElo "2577"]

1.d4 Nf6 2.c4 e6 3.Nf3 b6 4.a3 d5 5.cxd5 exd5 6.Nc3 Be7 7.h3 O-O 8.Bf4 Ba6
9.g4 Ne4 10.Rc1 c5 11.Bg2 Nc6 12.Qa4 Bb7 13.e3 cxd4 14.exd4 f5 15.Ne5 Nxe5
16.Bxe5 f4 17.Nxe4 dxe4 18.Rc7 Bd5 19.Qd7 Rf7 20.Qxd8+ Rxd8 21.Bxf4 Bf6 22.Rxf7 Bxf7
23.Be5 Bxe5 24.dxe5 Bg6 25.Ke2 Re8 26.Ke3 Rxe5 27.Rd1 Rc5 28.Rd8+ Kf7 29.Rd7+ Kf6
30.Rxa7 Rc1 31.Rb7 Ke5  1-0

[Event "9th Amplico Life Rapid"]
[Site "Warsaw POL"]
[Date "2009.12.20"]
[Round "13"]
[White "Krasenkow,M"]
[Black "Maiorov,N1"]
[Result "1-0"]
[WhiteElo "2656"]
[BlackElo "2511"]

1.d4 Nf6 2.c4 e6 3.Nf3 b6 4.a3 c5 5.d5 Ba6 6.Qc2 g6 7.Nc3 exd5 8.cxd5 Bg7
9.g3 O-O 10.Bg2 d6 11.O-O Re8 12.Re1 Nbd7 13.Bf4 Qe7 14.Qa4 Bb7 15.Nb5 Ne5
16.Nxe5 dxe5 17.d6 Qd7 18.Bxb7 Qxb7 19.Bg5 Qc6 20.Qa6 Ne4 21.Be7 c4 22.Rec1 Bh6
23.Rc2 Bg5 24.Bxg5 Nxg5 25.f3 Ne6 26.Rac1 Nd4 27.Nxd4 exd4 28.Rxc4 Qxd6 29.Rc7 Re7
30.Rxe7 Qxe7 31.Rd1 Re8 32.Kf1 Qd7 33.Qc4 Qh3+ 34.Kg1 Qf5 35.Rxd4 Qb1+ 36.Kf2 Qxb2
37.Rd7 Qf6 38.Rxa7 h5 39.Rb7 Kg7 40.a4 Re6 41.Rb8 Qe5 42.Rd8 Qe3+ 43.Kf1 Qe5
44.Qd4 Kh7 45.e4 Qxd4 46.Rxd4 Re7 47.Rb4 Re6 48.Ke2 g5 49.Kd3 Kg6 50.Rb5 Rf6
51.Ke3 Rd6 52.f4 gxf4+ 53.gxf4 f6 54.h4 Rc6 55.Kd3 Rd6+ 56.Rd5 Rc6 57.Rd7 Rc1
58.Rb7 Rd1+ 59.Kc4 Re1 60.Kd5 Rb1 61.f5+ Kh6 62.Rf7 Rd1+ 63.Ke6 Rd4 64.Rxf6+ Kg7
65.Rg6+ Kh7 66.Ke5 Rxa4 67.Rxb6 Ra8 68.Kf4 Rg8 69.Rg6 Ra8 70.Kg5 Re8 71.Re6  1-0

[Event "18th Donau Open"]
[Site "Aschach AUT"]
[Date "2009.12.29"]
[Round "5"]
[White "Binder,Mi"]
[Black "Sergeev,Vl"]
[Result "1/2-1/2"]
[WhiteElo "2202"]
[BlackElo "2428"]

1.d4 Nf6 2.Nf3 b6 3.c4 e6 4.a3 Bb7 5.Nc3 d5 6.cxd5 Nxd5 7.Qc2 Nxc3 8.bxc3 c5
9.e4 Nc6 10.Bb2 Be7 11.d5 exd5 12.Rd1 Na5 13.Bb5+ Bc6 14.Bxc6+ Nxc6 15.Qa4 Qd7
16.Rxd5 Qe6 17.Ne5 Rc8 18.O-O O-O 19.Nxc6 Rxc6 20.c4 Rc7 21.f3 h6 22.Rfd1 Bg5
23.Qb3 Rc6 24.Ba1 Bf4 25.Qc3 Qg6 26.Qd3 Re6 27.Bb2 h5 28.Bc1 Bxc1 29.Rxc1 h4
30.Rc2 Rf6 31.Qe3 Re8 32.Rcd2 Rfe6 33.Qg5 Qxg5 34.Rxg5 f6 35.Rgd5 g5 36.h3 Kf7
37.Kf2 Re5 38.Rd7+ R8e7 39.Rxe7+ Kxe7 40.Ke3 a6 41.a4 Re6  1/2-1/2

[Event "26th Open"]
[Site "Boeblingen GER"]
[Date "2009.12.30"]
[Round "8"]
[White "Koppenhoefer,B"]
[Black "Brittner,S"]
[Result "1-0"]
[WhiteElo "2138"]
[BlackElo "2278"]

1.Nf3 Nf6 2.c4 b6 3.d4 e6 4.a3 Bb7 5.Nc3 d5 6.cxd5 Nxd5 7.e3 Nxc3 8.bxc3 Be7
9.Bb5+ c6 10.Bd3 Nd7 11.O-O O-O 12.Re1 Bf6 13.Qc2 g6 14.e4 e5 15.Bh6 Re8
16.Rad1 Qe7 17.Qc1 Rac8 18.Bc4 Red8 19.Ng5 Rf8 20.Bxf8 Rxf8 21.f4 exf4 22.Nxf7 Kg7
23.Qxf4 Ba6 24.Qh6+ Kg8 25.Bxa6 Bg7 26.Qe3 Qxf7 27.Rf1 Qb3 28.Rxf8+ Bxf8
29.Qd3 b5 30.Rb1 Qf7 31.c4 Qe7 32.cxb5 cxb5 33.Bxb5 Nf6 34.e5 Ng4 35.Bc6 Qh4
36.Bd5+ Kg7 37.Rb7+ Be7 38.Qg3  1-0

[Event "85th Masters"]
[Site "Hastings ENG"]
[Date "2010.01.03"]
[Round "7"]
[White "Moore,Gi"]
[Black "Yurenok,M"]
[Result "0-1"]
[WhiteElo "1901"]
[BlackElo "1968"]

1.d4 Nf6 2.c4 e6 3.Nf3 b6 4.a3 Bb7 5.Nc3 Be7 6.Qc2 c5 7.dxc5 bxc5 8.e4 d6
9.Bd3 O-O 10.O-O Nc6 11.Ne2 Rb8 12.h3 Ba8 13.Be3 Qc7 14.Ng3 a5 15.b3 Kh8
16.Rab1 Nd7 17.Qd2 Nde5 18.Nxe5 dxe5 19.Qc3 Bb7 20.Rfd1 Rfd8 21.Be2 Nd4 22.Bh5 Bh4
23.Bf3 Bxg3 24.fxg3 Bxe4 25.Rbc1 Rxb3 26.Qxb3 Nxb3 27.Rxd8+ Qxd8 28.Rd1 Nd4
29.Kf2 Bxf3 30.gxf3 Qf6 31.f4 exf4 32.gxf4 e5 33.Rb1 h6 34.Rb8+ Kh7 35.Kg3  0-1

[Event "22nd Open"]
[Site "Staufer GER"]
[Date "2010.01.04"]
[Round "5"]
[White "Ruecker,Be"]
[Black "Steinhart,C"]
[Result "1-0"]
[WhiteElo "2283"]
[BlackElo "2042"]

1.d4 Nf6 2.c4 e6 3.Nf3 b6 4.a3 d5 5.Nc3 Be7 6.Qc2 c5 7.cxd5 exd5 8.Bf4 O-O
9.Rd1 Nc6 10.e3 cxd4 11.Nxd4 Nxd4 12.Rxd4 Bc5 13.Rd2 Bb7 14.Be2 Rc8 15.O-O Qe7
16.b4 Bxb4 17.axb4 Qxb4 18.Be5 Ne4 19.Rb1 Qa5 20.Rd3 Ba6 21.Rc1 Bxd3 22.Bxd3 Rfe8
23.Bd4 h6 24.Qb2 Nxc3 25.Bxc3 Qc5 26.Bd2 Qd6 27.Rd1 Qe5 28.Qb4 Re6 29.Bc1 Qc3
30.Qb1 Rec6 31.Bb2 Qb3 32.Bh7+  1-0

[Event "TCh-AUT 2009-10"]
[Site "Graz AUT"]
[Date "2010.01.14"]
[Round "4"]
[White "Binder,Mi"]
[Black "Kraemer,Mart"]
[Result "0-1"]
[WhiteElo "2202"]
[BlackElo "2482"]

1.d4 Nf6 2.Nf3 e6 3.c4 b6 4.a3 Bb7 5.Nc3 d5 6.cxd5 Nxd5 7.Qc2 Nd7 8.Nxd5 Bxd5
9.e4 Bb7 10.Bb5 Bd6 11.Bg5 f6 12.Be3 O-O 13.Bc6 Bxc6 14.Qxc6 Qe7 15.O-O Rae8
16.b4 e5 17.Rfe1 exd4 18.Bxd4 Qe6 19.Kh1 Rf7 20.Bb2 Rfe7 21.Nd4 Qg4 22.Nc2 Qf4
23.g3 Qxf2 24.Re3 Kh8 25.Rae1 Bc5 26.bxc5 Qxc2 27.R3e2 Qxc5 28.a4 Nb8  0-1

[Event "8th Parsvnath Open"]
[Site "New Delhi IND"]
[Date "2010.01.14"]
[Round "2"]
[White "Deepthamsh,R"]
[Black "Bitoon,R"]
[Result "0-1"]
[WhiteElo "2182"]
[BlackElo "2458"]

1.d4 Nf6 2.Nf3 e6 3.c4 b6 4.a3 Bb7 5.Nc3 d5 6.cxd5 Nxd5 7.Qc2 Be7 8.e4 Nxc3
9.bxc3 O-O 10.Bd3 c5 11.O-O Nc6 12.Bb2 cxd4 13.cxd4 Rc8 14.Qe2 Bf6 15.Rad1 Na5
16.Rfe1 Qc7 17.Nd2 Rfd8 18.Qe3 Qd7 19.e5 Be7 20.h4 b5 21.h5 Nc4 22.Nxc4 bxc4
23.Be4 Bxe4 24.Qxe4 c3 25.Bc1 Rc4 26.Be3 Bxa3 27.Qc2 h6 28.Rb1 Rdc8 29.Rb3 Bb2
30.Qe2 Qd5 31.Rxb2 cxb2 32.Qxb2 a5 33.Ra1 a4 34.Qb1 Qa5 35.Qd1 a3 36.Qg4 Qxe5
37.dxe5 Rxg4 38.Rxa3 Rh4 39.Ra5 Rb8 40.g3 Rxh5  0-1

[Event "Porzellancup"]
[Site "Dresden GER"]
[Date "2010.01.16"]
[Round "1"]
[White "Kreyssig,R"]
[Black "Jaracz,P"]
[Result "0-1"]
[WhiteElo "1838"]
[BlackElo "2532"]

1.d4 Nf6 2.c4 e6 3.Nf3 b6 4.a3 Ba6 5.b3 d5 6.e3 Be7 7.Be2 O-O 8.O-O c5 9.Bb2 dxc4
10.bxc4 Nc6 11.Nbd2 Rc8 12.Rc1 Rc7 13.Nb3 cxd4 14.exd4 Qc8 15.Qc2 Rd8 16.Rfd1 Nb8
17.Ne5 Nbd7 18.Nd3 Bxc4 19.Nd2 b5 20.Nb4 Bxb4 21.axb4 Bxe2 22.Qxc7 Qxc7 23.Rxc7 Bxd1
24.Rxa7 Rc8  0-1

[Event "8th Parsvnath Open"]
[Site "New Delhi IND"]
[Date "2010.01.16"]
[Round "4"]
[White "Swapnil,SD"]
[Black "Ramakrishna,J"]
[Result "1/2-1/2"]
[WhiteElo "2429"]
[BlackElo "2242"]

1.d4 Nf6 2.c4 e6 3.Nf3 b6 4.a3 Bb7 5.Nc3 d5 6.Bg5 Be7 7.Qa4+ Qd7 8.Qc2 c5
9.Ne5 Qc8 10.Qa4+ Nfd7 11.Bxe7 Kxe7 12.cxd5 exd5 13.Nf3 Rd8 14.g3 Nf6 15.Bg2 Kf8
16.O-O Nc6 17.dxc5 bxc5 18.Qb5 Ne7 19.Rac1 Ba6 20.Qa5 Rb8 21.Rc2 d4 22.Na2 Rb5
23.Qa4 Ned5 24.Nxd4 Nb6 25.Qxb5 Bxb5 26.Nxb5 a6 27.Na7 Qe6 28.Nc1 c4 29.Nc6 Rd6
30.Nb4 a5 31.Nba2 Qf5 32.Rc3 a4 33.e4 Nxe4 34.Re3 Nf6 35.Re2 Qd7 36.Nc3 g6
37.N1a2 Rd2 38.Rfe1 Rxe2 39.Rxe2 h5 40.h4 Qf5 41.Nb4 g5 42.hxg5 Qxg5 43.Bf3 h4
44.Kg2 Nbd7 45.Nc6 hxg3  1/2-1/2

[Event "8th Parsvnath Open"]
[Site "New Delhi IND"]
[Date "2010.01.17"]
[Round "6"]
[White "Thejkumar,M"]
[Black "Bitoon,R"]
[Result "0-1"]
[WhiteElo "2435"]
[BlackElo "2458"]

1.d4 Nf6 2.Nf3 e6 3.c4 b6 4.a3 Bb7 5.Nc3 d5 6.Bg5 Be7 7.Bxf6 Bxf6 8.cxd5 exd5
9.Qa4+ c6 10.g3 O-O 11.Bg2 c5 12.O-O Bc6 13.Qd1 Nd7 14.Rc1 Rc8 15.e3 Re8
16.b4 cxb4 17.axb4 Be7 18.Qb3 Nf6 19.Ne5 Bb7 20.b5 Qd6 21.e4 Qa3 22.Qxa3 Bxa3
23.Rc2 Nxe4 24.Bxe4 dxe4 25.Ra1 Bb4 26.Rxa7 Ba8 27.Nc6 Bxc6 28.Na2 Bxb5 29.Nxb4 g6
30.d5 Bd3 31.Rc6 Ra8 32.Rxa8 Rxa8 33.Kg2 b5 34.d6 Rd8 35.f3 exf3+ 36.Kxf3 Bf5
37.Ke3 Re8+ 38.Kd4 Re2 39.Rc5 Rd2+ 40.Ke5 f6+ 41.Kxf6 Rxd6+ 42.Kg5 Kg7 43.Nd5 Be6
44.Rc7+ Rd7 45.Kf4 Rf7+ 46.Rxf7+ Bxf7 47.Nb4 Kf6 48.h4 h5 49.Nc6 Be8 50.Nb4 Bd7
51.Ke4 Ke6 52.Nd3 Bc6+ 53.Kf4 Kd5 54.Kg5 Kd4 55.Nb4 Be4 56.g4 Kc3 57.Na6 Bf3  0-1

[Event "8th Parsvnath Open"]
[Site "New Delhi IND"]
[Date "2010.01.17"]
[Round "6"]
[White "Swapan Kr,D"]
[Black "Premnath,R"]
[Result "1-0"]
[WhiteElo "1677"]
[BlackElo "2304"]

1.d4 Nf6 2.c4 e6 3.Nf3 b6 4.a3 Bb7 5.Nc3 Be7 6.d5 exd5 7.cxd5 O-O 8.e4 Re8
9.Bd3 c5 10.O-O d6 11.Nd2 Nbd7 12.f4 a6 13.a4 Bf8 14.Re1 Qb8 15.Nf3 g6 16.b3 Bg7
17.Bb2 Qc7 18.Qc2 Rad8 19.Bc4 Qb8 20.Rad1 Nh5 21.g3 Bc8 22.Kg2 Qb7 23.Re2 h6
24.Rde1 g5 25.fxg5 hxg5 26.Nxg5 Ne5 27.Rf2 Qe7 28.Bc1 Rf8 29.Be2 Ng4 30.Bxg4 Bxg4
31.e5 Rfe8 32.Qh7+ Kf8 33.Ref1  1-0

[Event "46th ch-CUB S/F"]
[Site "Ciego de Avila CUB"]
[Date "2010.01.22"]
[Round "1"]
[White "Almeida Quintana,O"]
[Black "Bruzon Batista,L"]
[Result "0-1"]
[WhiteElo "2524"]
[BlackElo "2619"]

1.d4 Nf6 2.Nf3 e6 3.c4 b6 4.a3 Bb7 5.Nc3 d5 6.Bg5 Be7 7.e3 O-O 8.Bd3 Nbd7
9.O-O h6 10.Bf4 c5 11.cxd5 exd5 12.Ne5 Nxe5 13.dxe5 Ne4 14.Qh5 Qe8 15.Nb5 f5
16.Qxe8 Raxe8 17.f3 g5 18.fxe4 fxe4 19.Be2 gxf4 20.exf4 c4 21.Rad1 Bc5+ 22.Kh1 Rd8
23.f5 Rde8 24.e6 Be7 25.Nxa7 Kg7 26.Nb5 Kf6 27.b3 cxb3 28.Rb1 Ke5 29.Bg4 d4
30.Rxb3 Rc8 31.h3 Bd5 32.Rbb1 d3 33.Rbd1 h5 34.Bxh5 Rxf5 35.Rxf5+ Kxf5 36.Kg1 Ke5
37.Kf2 Rc2+ 38.Kg3 Bxe6  0-1

[Event "8th Gibtelecom Masters"]
[Site "Caleta ENG"]
[Date "2010.01.31"]
[Round "6"]
[White "De Andres Gonalons,F"]
[Black "Pereira,Joh"]
[Result "1-0"]
[WhiteElo "2124"]
[BlackElo "1892"]

1.d4 Nf6 2.c4 e6 3.Nf3 b6 4.a3 Bb7 5.Nc3 g6 6.d5 d6 7.g3 Bg7 8.Bg2 O-O 9.O-O a5
10.Rb1 Nbd7 11.Bg5 Nc5 12.b4 axb4 13.axb4 Na6 14.Ne4 h6 15.Nxf6+ Bxf6 16.Bxh6 Re8
17.dxe6 fxe6 18.Qd3 Kh7 19.Nh4 Bxh4 20.Bxb7 Ra7 21.Bc6 Rg8 22.gxh4 Kxh6 23.Qe3+ Kh7
24.Qxe6 Qxh4 25.Rb3 Qg5+ 26.Rg3 Qf5 27.Rh3+ Kg7 28.Qe7+ Qf7 29.Rh7+  1-0

[Event "ch-ROU w"]
[Site "Baile Olanesti ROU"]
[Date "2010.02.03"]
[Round "5"]
[White "Ilie,M"]
[Black "Baciu,A"]
[Result "0-1"]
[WhiteElo "2006"]
[BlackElo "2163"]

1.d4 Nf6 2.Nf3 e6 3.c4 b6 4.a3 Bb7 5.Nc3 d5 6.Bg5 Be7 7.e3 Nbd7 8.b4 c6 9.cxd5 Nxd5
10.Bxe7 Qxe7 11.Nxd5 exd5 12.Rc1 O-O 13.Qb3 a5 14.Be2 axb4 15.axb4 Ra7 16.O-O Rfa8
17.Rb1 g6 18.Rfc1 Ra3 19.Qd1 R8a4 20.Qe1 Kg7 21.Bd1 Ra8 22.h3 Qd6 23.Rc3 Ra1
24.Rcc1 R1a3 25.Rc3 Ra1 26.Rcc1 R1a2 27.Rc2 Rxc2 28.Bxc2 Ra2 29.Qc3 Ba6 30.Nd2 Bb5
31.Qb3 Ra8 32.Bd3 Bxd3 33.Qxd3 Ra4 34.Qc3 Nb8 35.Qb3 b5 36.e4 Na6 37.e5 Qxb4
38.Qf3 Qe7 39.Nb3 Ra3 40.Qc3 Nb4 41.Qc1 Ra2 42.Qe3 h6 43.Nc5 Nc2 44.Qd2 Qg5
45.f4 Qg3 46.Rc1 Nb4  0-1

[Event "FSIMA February"]
[Site "Budapest HUN"]
[Date "2010.02.07"]
[Round "2"]
[White "Binder,Mi"]
[Black "Roberts,P"]
[Result "1-0"]
[WhiteElo "2208"]
[BlackElo "2206"]

1.d4 e6 2.c4 Nf6 3.Nf3 b6 4.a3 Bb7 5.Nc3 d5 6.cxd5 Nxd5 7.Qc2 Be7 8.e4 Nxc3
9.bxc3 Nd7 10.Bd3 c5 11.O-O Qc8 12.Qe2 O-O 13.a4 Re8 14.Bf4 Bf6 15.e5 Qc7
16.Nd2 Be7 17.Ne4 f5 18.Nd6 Bxd6 19.exd6 Qd8 20.a5 cxd4 21.cxd4 bxa5 22.Rfc1 Qf6
23.Be5 Nxe5 24.dxe5 Qg5 25.g3 f4 26.Be4 Bxe4 27.Qxe4 fxg3 28.hxg3 Rf8 29.Rab1 Rab8
30.Re1 Qd2 31.Qe3 Qd5 32.Rxb8 Rxb8 33.Qxa7 Rb7 34.Qa6 h6 35.Qe2 Rb4 36.Rd1 Rd4
37.Rxd4 Qxd4 38.Qb5 Qg4 39.Qxa5 Qd1+ 40.Kg2 Kh7 41.Qa8 Qd4 42.Qa3 Qe4+ 43.Qf3 Qd4
44.Qe3 Qd5+ 45.Kh2 Kg8 46.Qc3 Qa2 47.Qd4 Qa5 48.d7 Qd8 49.Qd6 Kf7 50.Kg1 h5
51.Kh2 h4 52.g4 g5 53.f3 h3 54.Kxh3  1-0

[Event "FSIMA February"]
[Site "Budapest HUN"]
[Date "2010.02.14"]
[Round "9"]
[White "Binder,Mi"]
[Black "Griffiths,R"]
[Result "1-0"]
[WhiteElo "2208"]
[BlackElo "2148"]

1.d4 Nf6 2.Nf3 e6 3.c4 b6 4.a3 Ba6 5.e3 d5 6.Nbd2 Be7 7.b4 O-O 8.Bb2 c5 9.dxc5 bxc5
10.b5 Bb7 11.Be2 Nbd7 12.O-O Qc7 13.Qc2 Bd6 14.h3 Rad8 15.a4 Ne4 16.cxd5 exd5
17.Nxe4 dxe4 18.Nd2 Rfe8 19.Nc4 Bf8 20.a5 Bd5 21.Rfd1 Bxc4 22.Bxc4 Bd6 23.Bd5 Be5
24.Bxe5 Qxe5 25.Bc6 Qc7 26.Rd2 Rf8 27.Bxd7 Rxd7 28.Rxd7 Qxd7 29.Qxc5 Rc8
30.Qb4 Qd5 31.b6 Rb8 32.Rb1 axb6 33.axb6 Rb7 34.Rc1 g6 35.Rc7 Rb8 36.b7 Kg7
37.Qe7 h5 38.Rd7 Qb3 39.Qe5+  1-0

[Event "TCh-Eur Seniors"]
[Site "Dresden GER"]
[Date "2010.02.15"]
[Round "6"]
[White "Stepak,Y"]
[Black "Boehlig,H"]
[Result "1/2-1/2"]
[WhiteElo "2236"]
[BlackElo "2242"]

1.d4 Nf6 2.c4 e6 3.Nf3 b6 4.a3 Bb7 5.Nc3 d5 6.cxd5 exd5 7.Bf4 Bd6 8.Bxd6 Qxd6
9.e3 O-O 10.Rc1 a6 11.Bd3 Nbd7 12.O-O Rfe8 13.Qe2 c5 14.Rfd1 c4 15.Bb1 b5
16.Nd2 Re7 17.Nf1 Bc6 18.Ng3 g6 19.Qf3 Rae8 20.h4 b4 21.Re1 Ba4 22.h5 Ne4  1/2-1/2